Zmeny vo vysokoškolskom štúdiu a štruktúrované štúdium učiteľstva na Slovensku

Legislatívne zmeny vo vysokoškolskom štúdiu na Slovensku a ich dôsledky pre vysokoškolské vzdelávanie učiteľov. Postavenie učiteľských štúdií v sústave študijných odborov. Poňatie bakalárskeho vzdelávania a jeho funkcie a jeho aplikácia na prípravu učiteľov Informácia o funkcii vzdelania. Magistersk...

Ausführliche Beschreibung

Gespeichert in:
Bibliographische Detailangaben
1. Verfasser: Kosová, Beata
Format: Buchkapitel
Sprache:Slowakisch
Schlagworte:
Tags: Tag hinzufügen
Keine Tags, Fügen Sie das erste Tag hinzu!

MARC

LEADER 00000naa$a2200000$$$4500
001 0029289
005 20231010123509.3
041 0 |a slo 
044 |a SK 
245 1 0 |a Zmeny vo vysokoškolskom štúdiu a štruktúrované štúdium učiteľstva na Slovensku  |c Beata Kosová 
520 |a Legislatívne zmeny vo vysokoškolskom štúdiu na Slovensku a ich dôsledky pre vysokoškolské vzdelávanie učiteľov. Postavenie učiteľských štúdií v sústave študijných odborov. Poňatie bakalárskeho vzdelávania a jeho funkcie a jeho aplikácia na prípravu učiteľov Informácia o funkcii vzdelania. Magisterské štúdium v učiteľských študijných odboroch. 
610 2 0 |a legislatíva 
610 2 0 |a Slovensko 
610 2 0 |a učitelia 
610 2 0 |a štúdium bakalárske 
610 2 0 |a vzdelávanie vysokoškolské 
610 2 0 |a štúdium magisterské 
610 2 0 |a odbory študijné 
100 1 |a Kosová, Beata